All countries starting with "C"- Map Quiz (official English spelling) - Statistics

General Stats
  • This quiz has been taken 150 times
  • The average score is 13 of 15
Answers on the Map
Answers color-coded by a green-red scale on the quiz's map according to % correct below.
 
Answer Stats
Answer % Correct
Canada
98%
China
93%
Czech Republic
93%
Chile
92%
Cambodia
90%
Colombia
89%
Costa Rica
88%
Croatia
88%
Comoros
87%
Chad
84%
Cameroon
83%
Cape Verde
83%
Cyprus
82%
Cuba
81%
Central African Republic
73%
No matching quizzes found
Score Distribution
Percent of People with Each Score
Percentile by Number Answered
Your Score History
You have not taken this quiz